Analysis of Impact of Selected E-commerce Factors on Business Efficiency in a Virtual Central European Market

Gespeichert in:
Bibliographische Detailangaben
1. Verfasser: Dorčák, Peter, 1979-
Weitere Verfasser: Pollák, František, 1985-
Format: Buchkapitel
Sprache:Englisch
Tags: Tag hinzufügen
Keine Tags, Fügen Sie das erste Tag hinzu!

MARC

LEADER 00000naa$a2200000$$$4500
001 0226860
005 20240502083608.1
041 0 |a eng 
044 |a AT 
245 1 0 |a Analysis of Impact of Selected E-commerce Factors on Business Efficiency in a Virtual Central European Market  |c Peter Dorčák, František Pollák 
500 |a Abstrakt 
100 1 |a Dorčák, Peter, 1979- 
700 1 |a Pollák, František, 1985-